ARRUPE JESUIT UNIVERSITY

CORONAVIRUS -STOP THE SPREAD - CLEAN,DISINFECT,COVER

Making moral decisions: (Record no. 121065)

MARC details
000 -LEADER
fixed length control field 00805cam a2200265 4500
001 - CONTROL NUMBER
control field 4613576
003 - CONTROL NUMBER IDENTIFIER
control field ARRUPE
005 - DATE AND TIME OF LATEST TRANSACTION
control field 20141002172056.0
008 - FIXED-LENGTH DATA ELEMENTS--GENERAL INFORMATION
fixed length control field 700511s1969 enk b 000 0 eng
010 ## - LIBRARY OF CONGRESS CONTROL NUMBER
LC control number 70459851
020 ## - INTERNATIONAL STANDARD BOOK NUMBER
International Standard Book Number 0281023387
035 ## - SYSTEM CONTROL NUMBER
System control number (OCoLC)ocm00070616
035 ## - SYSTEM CONTROL NUMBER
System control number (NNC)4613576
040 ## - CATALOGING SOURCE
Original cataloging agency DLC
Transcribing agency DLC
Modifying agency UKM
050 0# - LIBRARY OF CONGRESS CALL NUMBER
Classification number BJ1031
Item number .M28
098 ## - OTHER CLASSIFICATION SCHEMES (OCLC)
Call number based on other classification scheme QY18
300 ## - PHYSICAL DESCRIPTION
Dimensions 19 cm.
245 00 - TITLE STATEMENT
Title Making moral decisions:
Remainder of title open lectures delivered at Cambridge during the Lent Term, 1968
Statement of responsibility, etc [by] D. M. MacKinnon [and others]
260 ## - PUBLICATION, DISTRIBUTION, ETC. (IMPRINT)
Place of publication, distribution, etc London,
Name of publisher, distributor, etc S.P.C.K.,
Date of publication, distribution, etc 1969.
300 ## - PHYSICAL DESCRIPTION
Extent viii, 91 p.
504 ## - BIBLIOGRAPHY, ETC. NOTE
Bibliography, etc Includes bibliographical references.
650 #0 - SUBJECT ADDED ENTRY--TOPICAL TERM
Topical term or geographic name as entry element Ethics.
9 (RLIN) 12019
700 1# - ADDED ENTRY--PERSONAL NAME
Personal name MacKinnon, Donald M.
Fuller form of name (Donald MacKenzie),
Dates associated with a name 1913-1994.
9 (RLIN) 12020
942 ## - ADDED ENTRY ELEMENTS (KOHA)
Source of classification or shelving scheme Library of Congress Classification
Koha item type Monograph ( Printed materials)
Holdings
Withdrawn status Lost status Source of classification or shelving scheme Damaged status Not for loan Collection code Home library Current library Shelving location Date acquired Total Checkouts Full call number Barcode Date last seen Price effective from Koha item type
    Library of Congress Classification     Main Collection ARRUPE LIBRARY ARRUPE LIBRARY Main Collection 02/10/2014   BJ1031 .M28 46500003843 02/10/2014 02/10/2014 Monograph ( Printed materials)

 

Arrupe Library. PO Box MP320 Mt Pleasant, Harare, Zimbabwe
263 242 745411|librarian@aju.ac.zw